000 00670nam a22001817a 4500
005 20220606144358.0
008 220606b ||||| |||| 00| 0 eng d
040 _cAL
041 _aEnglish
082 _223
_aH891.4
_bMAHS
100 _aAcharya Mahaprajna आचार्य महाप्रज्ञा
_940648
245 _aSamasya Ko Dekhna Seekhen समस्या को देखना सीखें
260 _aNew Delhi
_bAdarsha Sahitya Sangha
_c2003
300 _a218 p.
_bPB
_c22x14 cm.
365 _b₹60.00
_c
_d₹60.00
700 _aMAHAPRAJNA (Acharya) महाप्रज्ञा (आचार्य )
_940649
942 _2ddc
_cGF
999 _c223257
_d223257